Race to the swift: thoughts on twenty-first century warfare (Record no. 7316)
[ view plain ]
| 000 -LEADER | |
|---|---|
| fixed length control field | 00893 a2200253 4500 |
| 003 - CONTROL NUMBER IDENTIFIER | |
| control field | NUST |
| 020 ## - INTERNATIONAL STANDARD BOOK NUMBER | |
| International Standard Book Number | 0080311709 |
| 038 ## - RECORD CONTENT LICENSOR | |
| Staff Name | waseem |
| 040 ## - CATALOGING SOURCE | |
| Original cataloging agency | DLC |
| Language of cataloging | DLC |
| 082 00 - DEWEY DECIMAL CLASSIFICATION NUMBER | |
| Classification number | 355.02 |
| Author Mark | SIM |
| 100 1# - MAIN ENTRY--PERSONAL NAME | |
| Personal name | Simpkin, Richard E. |
| 9 (RLIN) | 37913 |
| 245 10 - TITLE STATEMENT | |
| Title | Race to the swift: thoughts on twenty-first century warfare |
| Remainder of title | thoughts on twenty-first century warfare |
| Statement of responsibility, etc. | by Richard E. Simpkin ; foreword by Donn A. Starry. |
| 260 ## - PUBLICATION, DISTRIBUTION, ETC. | |
| Place of publication, distribution, etc. | London ; |
| -- | Washington, DC : |
| Name of publisher, distributor, etc. | Brassey's Defence, |
| Date of publication, distribution, etc. | 1985. |
| 260 ## - PUBLICATION, DISTRIBUTION, ETC. | |
| Place of publication, distribution, etc. | Reprint, Lahore : |
| Name of publisher, distributor, etc. | Service Book Club, |
| Date of publication, distribution, etc. | 1996. |
| 300 ## - PHYSICAL DESCRIPTION | |
| Extent | xxxii, 345 p. : |
| Other physical details | ill. ; |
| Dimensions | 24 cm. |
| 490 0# - SERIES STATEMENT | |
| Series statement | [Future warfare series ; |
| Volume/sequential designation | v. 1] |
| 500 ## - GENERAL NOTE | |
| General note | Series statement from: War without men / Steven M. Shaker. 1988. |
| 500 ## - GENERAL NOTE | |
| General note | Includes index. |
| 563 ## - BINDING INFORMATION | |
| Binding note | HBK. |
| 650 #0 - SUBJECT ADDED ENTRY--TOPICAL TERM | |
| Topical term or geographic name entry element | War. |
| 650 #0 - SUBJECT ADDED ENTRY--TOPICAL TERM | |
| Topical term or geographic name entry element | Military art and science. |
| 9 (RLIN) | 37914 |
| 650 #0 - SUBJECT ADDED ENTRY--TOPICAL TERM | |
| Topical term or geographic name entry element | Twenty-first century |
| 942 ## - ADDED ENTRY ELEMENTS (KOHA) | |
| Koha item type | Book |
| Call number prefix | 355.02 SIM |
| Source of classification or shelving scheme | |
| Withdrawn status | Lost status | Damaged status | Not for loan | Collection code | Permanent Location | Current Location | Shelving location | Date acquired | Source of acquisition | Total Checkouts | Full call number | Barcode | Date last seen | Price effective from | Koha item type | Source of classification or shelving scheme |
|---|---|---|---|---|---|---|---|---|---|---|---|---|---|---|---|---|
| Central Library (CL) | Central Library (CL) | General Stacks | 12/13/2005 | Donation | 355.02 SIM | SEECS006749 | 11/14/2012 | 01/05/2017 | Book | |||||||
| Central Library (CL) | Central Library (CL) | 04/14/2022 | Donation | 355.02 SIM | CL-D-1657 | 04/14/2022 | 04/14/2022 | Book |
